Biblioteca
Vista normal Vista MARC
  • Autoridad

Entrada Tema o Materia

Número de registros utilizados en: 7

001 - NUMERO DE CONTROL

  • Campo de control: 7165

003 - IDENTIFICADOR DEL NUMERO DE CONTROL

  • Campo de control: SpMaBN

005 - HORA Y FECHA DE LA ULTIMA TRANSACCIÓN

  • Campo de control: 20220701135223.0

008 - CAMPO DE LONGITUD FIJA

  • Campo fijo de descripción fija: 110602 n anznnbabn |a ana ##

024 7# -

  • : http://id.loc.gov/authorities/subjects/sh93007576
  • : lcsh

024 7# -

  • : http://lemac.sgcb.mcu.es/Autoridades/LEMAC201202813/concept
  • : lemac

040 ## -

  • : SpMaBN
  • : spa
  • : SpMaBN
  • : rdc
  • : embne

042 ## -

  • : 20110907

150 ## - ENCABEZAMIENTO DE MATERIA-TEMA

  • Téma o Materia: Autoridad
  • Subdivisión General: Aspectos religiosos
  • Subdivisión General: Iglesia Católica

510 ## - VÉASE ADEMAS - NOMBRE CORPORATIVO

  • Subcampo de control: h
  • Nombre corporativo o de jurisdicción: Iglesia Católica
  • Subdivisión General: Infalibilidad

510 ## - VÉASE ADEMAS - NOMBRE CORPORATIVO

  • Subcampo de control: h
  • Nombre corporativo o de jurisdicción: Iglesia Católica
  • Subdivisión General: Magisterio

670 ## - FUENTE EN LA QUE SE LOCALIZARON DATOS

  • Cita de la fuente : LCSH
  • Información localizada : (Authority-Religious aspects-Catholic Church)

750 #7 - ASIENTO LIGADO AL ENCABEZAMIENTO - TEMATICO

  • Encabezamiento temático : Authority-Religious aspects-Catholic Church
  • Source of heading or term: lcsh

750 #7 - ASIENTO LIGADO AL ENCABEZAMIENTO - TEMATICO

  • Encabezamiento temático : Autoritat-Aspectes religiosos-Església Catòlica
  • Source of heading or term: lemac

961 ## -

  • : Autoridad
  • : Aspectos religiosos
  • : Iglesia Católica

Biblioteca FUSBC | Teléfono: (57+4) 349 88 10 Ext. 141| WhatsApp (+57) 3005338115 
E-mail: biblioteca@unisbc.edu.co | Calle 76 87-14 Robledo Palenque, Medellín, Colombia

Con tecnología Koha